000 00863nam a2200217Ia 4500
003 GCL
008 140319s9999 xx 000 0 ara d
040 _aGCL /
_cGCL
082 0 4 _a811.01
_bا د
100 1 _aابن ابى حجلة : شهاب الدين ابو العباس احمد بن يحيى بن ابى بكر بن عبدالواحد الحنبلى
245 1 0 _aديوان الصباية /
_cابن ابى حجلة : شهاب الدين ابو العباس احمد بن يحيى بن ابى بكر بن عبدالواحد الحنبلى
260 _a[S.N] :
_bدار مكتبةالهلال ،
_c1984
300 _a270 ص
490 _a
650 0 4 _aالشعر العربى
650 0 4 _aالادب العربى
650 0 4 _aالشعر الغزلى
650 0 4 _aدواوين وقصائد
650 0 4 _aالمجموعات
942 _2ddc
_cBK
999 _c28589
_d28589